| 000 | 00467nam a2200145 a 4500 | ||
|---|---|---|---|
| 008 | 080109s1967 ||||||||||||||||| || u | ||
| 050 | _aHD 38 Dru | ||
| 100 | _aDrucker, Peter F | ||
| 245 | 1 | 0 | _aManaging for results |
| 260 |
_aLondon _bPan Books _c[1967] |
||
| 300 | _a270p. | ||
| 350 | _a0.00 | ||
| 650 | 0 | _aMANAGEMENT | |
| 995 |
_D0.00 _FCBU-MAIN LIBRARY (Kitwe) _H1 _I0.00 _M1 _UDAMAGED _ZMain Library Open Access Collection |
||
| 999 |
_c50150 _d50150 |
||